000 00643nam a22001937a 4500
005 20170713142241.0
010 _aENG-119211
020 _c995.00
_a9788190676045
035 _aEN-102743
037 _bDBAD/PUB
082 _a305.40954
100 _aChanda, Ipshita
245 _aSelfing the city ;
_cby Ipshita Chanda
_bsingle women migrants and theire lives in Kolkata /
260 _aNew Delhi
_bSage Publications
_c2017
270 _aB1/I-1 Mohan Cooperative Industrial Area, Mathura Road
_bNew Delhi
_e110044
300 _axi; 322p ;
_c23cm (Hb)
_bill.
500 _ainclude index
942 _2ddc
_cEN
_h305.40954
_mCHA
999 _c142537
_d142537